| 000 | 00529nam a22001817a 4500 | ||
|---|---|---|---|
| 003 | BDDh-ASL | ||
| 005 | 20231015031058.0 | ||
| 008 | 221226s1951 u ||||| |||| 00| 0 a d | ||
| 040 |
_aBDDh-ASL _cBDDh-ASL |
||
| 041 | _aara | ||
| 082 |
_a297 _bSHK |
||
| 100 | 1 |
_aSharani, Abdul Wahab _96869 |
|
| 245 | 1 | 0 | _aKashful Ghummat 'an Jam īil Ummah : / كشف الغمة عن جميع الامة |
| 260 |
_aEgypt : _bMatbat Mustafa Al Babi , _c1951. |
||
| 300 |
_a567 p. : _c29 cm. |
||
| 650 | 0 |
_aIslam _91652 |
|
| 942 |
_2ddc _cBK |
||
| 999 |
_c29853 _d29853 |
||